| 000 | 00406nam a22001217a 4500 | ||
|---|---|---|---|
| 999 |
_c10140 _d10140 |
||
| 003 | OSt | ||
| 008 | 201218b ||||| |||| 00| 0 eng d | ||
| 245 | _aIndian Journal of Computer Applications Research and Development (JCARD) | ||
| 250 | _a2016(Jul-Dec Vol.4 No.2) 2017(Jul-Dec Vol.5 No.2) | ||
| 260 |
_aNew Delhi _bAcademic Research Journals |
||
| 650 | _aMaster of Computer Applications | ||
| 942 |
_2ddc _cBV |
||